Ảnh hưởng của thời điểm tác động kích thích tiết nhựa đến năng suất và chất lượng nhựa buồng hoa dừa nước (Nypa fruticans Wurmb) ở vùng nước mặn huyện Trần Đề, tỉnh Sóc Trăng : Báo cáo tổng kết đề tài Khoa học Công nghệ cấp trường

Nội dung đề tài xác định được độ tuổi buồng hoa thích hợp để thực hiên phương pháp tác động cho buồng hoa tiết nhựa đạt năng suất và chất lượng cao.

Guardat en:
Dades bibliogràfiques
Autor principal: Lê, Thị Thanh Thuỷ
Format: Llibre
Idioma:Undetermined
Publicat: Cần Thơ Trường Đại học Cần Thơ 2013
Matèries:
Etiquetes: Afegir etiqueta
Sense etiquetes, Sigues el primer a etiquetar aquest registre!
Thư viện lưu trữ: Trung tâm Học liệu Trường Đại học Cần Thơ
LEADER 01307nam a2200229Ia 4500
001 CTU_204559
008 210402s9999 xx 000 0 und d
082 |a 634.61 
082 |b Th523 
088 |a TNCS2012-38 
100 |a Lê, Thị Thanh Thuỷ 
245 0 |a Ảnh hưởng của thời điểm tác động kích thích tiết nhựa đến năng suất và chất lượng nhựa buồng hoa dừa nước (Nypa fruticans Wurmb) ở vùng nước mặn huyện Trần Đề, tỉnh Sóc Trăng : 
245 0 |b Báo cáo tổng kết đề tài Khoa học Công nghệ cấp trường 
245 0 |c Lê Thị Thanh Thuỷ (chủ nhiệm đề tài) 
260 |a Cần Thơ 
260 |b Trường Đại học Cần Thơ 
260 |c 2013 
520 |a Nội dung đề tài xác định được độ tuổi buồng hoa thích hợp để thực hiên phương pháp tác động cho buồng hoa tiết nhựa đạt năng suất và chất lượng cao. 
650 |a Tropical fruit,Dừa,Cây nhiệt đới,Coconut 
650 |x Công nghệ sinh học,Biotechnology 
904 |i Qhieu 
980 |a Trung tâm Học liệu Trường Đại học Cần Thơ